| 000 | 01039nam a2200265 4500 | ||
|---|---|---|---|
| 001 | 0000021813 | ||
| 003 | CO-CtgCURN | ||
| 005 | 20251016151015.0 | ||
| 008 | 160627s2011 000 0 eng d | ||
| 020 | _a9789589990933 | ||
| 040 |
_aCO-CtgCURN _bspa _ccoctgcurn |
||
| 082 | 0 |
_a342.861087 _bM93 |
|
| 100 | 1 | _aMuñoz Gómez, Luis Alberto. | |
| 245 | 1 | 3 |
_aLa doble nacionalidad colombo venezolana / _cLuis Alberto Muñoz Gómez. |
| 260 |
_aCucuta : _bCentro de Investigaciones, _c2011. |
||
| 300 | _a208 p. | ||
| 336 | _2rdacontent | ||
| 337 |
_2rdamedia _asin mediacion _bn |
||
| 338 |
_2rdacarrier _avolumen _bnc |
||
| 505 | 8 | _aEl Derecho Internacional.--La nacionalidad.--La nacionalidad colombiana.-- La nacionalidad en la republica Bolivariana de Venezuela.--Ilegalidad en la obtencion y ejercicio de la doble nacionalidad colombo venezolana | |
| 650 | 0 | _aDerecho internacional. | |
| 908 | _a160627 | ||
| 942 |
_cBK _h342.861087 _iM93 _2ddc |
||
| 999 |
_c50222 _d50222 _x1 |
||